Technical writing (Record no. 3062)
[ view plain ]
| 000 -LEADER | |
|---|---|
| fixed length control field | 00535nam a22002057a 4500 |
| 003 - CONTROL NUMBER IDENTIFIER | |
| control field | URS |
| 005 - DATE AND TIME OF LATEST TRANSACTION | |
| control field | 20220114153415.0 |
| 008 - FIXED-LENGTH DATA ELEMENTS--GENERAL INFORMATION | |
| fixed length control field | 1909 s1981 a|||| |||| 00| 0 eng d |
| 020 ## - INTERNATIONAL STANDARD BOOK NUMBER | |
| International Standard Book Number | 9710812521 |
| 040 ## - CATALOGING SOURCE | |
| Transcribing agency | URS |
| Language of cataloging | eng |
| Modifying agency | rda |
| 050 14 - LIBRARY OF CONGRESS CALL NUMBER | |
| Classification number | T 11 |
| Item number | .M6571 1981 |
| 100 ## - MAIN ENTRY--PERSONAL NAME | |
| Personal name | Mills,Gordon H. |
| 245 20 - TITLE STATEMENT | |
| Title | Technical writing |
| Statement of responsibility, etc. | Gordon H. Mills, John A Walter |
| 260 ## - PUBLICATION, DISTRIBUTION, ETC. | |
| Date of publication, distribution, etc. | [1981] |
| 300 ## - PHYSICAL DESCRIPTION | |
| Extent | xvi 587 pages: |
| Other physical details | withi illustration; |
| 504 ## - BIBLIOGRAPHY, ETC. NOTE | |
| Bibliography, etc. note | Includes Index |
| 650 ## - SUBJECT ADDED ENTRY--TOPICAL TERM | |
| Topical term or geographic name entry element | technical writing |
| 700 ## - ADDED ENTRY--PERSONAL NAME | |
| Personal name | Walter,John A. |
| 942 ## - ADDED ENTRY ELEMENTS (KOHA) | |
| Source of classification or shelving scheme | Library of Congress Classification |
| Koha item type | Foreign Books |
| Withdrawn status | Source of classification or shelving scheme | Damaged status | Not for loan | Collection code | Home library | Current library | Shelving location | Date acquired | Total Checkouts | Full call number | Barcode | Date last seen | Price effective from | Koha item type | Copy number |
|---|---|---|---|---|---|---|---|---|---|---|---|---|---|---|---|
| Library of Congress Classification | Non-fiction | Cainta College Library | Cainta College Library | On Display | 12/13/2017 | T 11.M6571 1981 | URSCAI-510 | 12/13/2017 | 12/13/2017 | Foreign Books | |||||
| Library of Congress Classification | Non-fiction | Pililla College Library | Pililla College Library | General Stacks | 11/06/2017 | 808.066 M623 1986 | URSPIL-1427 | 07/24/2018 | 11/06/2017 | Filipiniana | 1 |